[Event "HUN-chT4 Chalupetzky 1819"]
[Site "Hunagry"]
[Date "2019.02.17"]
[Round "6.2"]
[White "Petrecz, Gyula"]
[Black "Balogh, Szabolcs"]
[Result "1/2-1/2"]
[WhiteElo "1767"]
[BlackElo "1875"]
[PlyCount "51"]
[EventDate "2018.10.14"]
[EventType "team-tourn"]
[EventRounds "10"]
[EventCountry "HUN"]
[SourceTitle "EXT 2020"]
[Source "ChessBase"]
[SourceDate "2019.10.17"]
[SourceVersion "1"]
[SourceVersionDate "2019.10.17"]
[SourceQuality "1"]
[WhiteTeam "Toltestava Tornado"]
[BlackTeam "Gyor Bastya"]
[WhiteTeamCountry "HUN"]
[BlackTeamCountry "HUN"]

1. e4 c5 2. Bc4 Nc6 3. f4 g6 4. Nf3 Bg7 5. a3 e6 6. Nc3 Nge7 7. Bb3 0-0 8. 0-0 d5 9. e5 Nf5 10. Ne2 Qb6 11. Kh1 c4 12. Ba4 Qa5 13. c3 f6 14. Bxc6 bxc6 15. Ned4 c5 16. Nxf5 exf5 17. Re1 Bb7 18. d4 cxd3 19. Qxd3 Rad8 20. b4 cxb4 21. cxb4 Qa4 22. Nd4 Rfe8 23. e6 Bf8 24. Bb2 Bd6 25. Qf3 Be7 26. Rac1 1/2-1/2

[Event "HUN-chT4 Chalupetzky 1718"]
[Site "Hungary"]
[Date "2018.03.11"]
[Round "7.2"]
[White "Horvath, Tibor"]
[Black "Balogh, Szabolcs"]
[Result "1/2-1/2"]
[WhiteElo "1812"]
[BlackElo "1824"]
[PlyCount "114"]
[EventDate "2017.10.15"]
[EventType "team-tourn"]
[EventRounds "7"]
[EventCountry "HUN"]
[SourceTitle "EXT 2019"]
[Source "ChessBase"]
[SourceDate "2018.10.10"]
[SourceVersion "1"]
[SourceVersionDate "2018.10.10"]
[SourceQuality "1"]
[WhiteTeam "KSE Level"]
[BlackTeam "Gyor Bastya"]
[WhiteTeamCountry "HUN"]
[BlackTeamCountry "HUN"]

1. d4 d5 2. e4 dxe4 3. Nc3 Nf6 4. Bg5 Bf5 5. Bxf6 exf6 6. Qe2 c6 7. 0-0-0 Bb4 8. Nxe4 0-0 9. a3 Ba5 10. g4 Be6 11. h4 Qd5 12. c4 Qd8 13. g5 f5 14. Nc5 Qc8 15. g6 h6 16. gxf7+ Bxf7 17. Nf3 Nd7 18. Nxd7 Qxd7 19. Ne5 Qd6 20. f4 b5 21. Qc2 Kh8 22. Qxf5 Be8 23. Qe4 b4 24. Bd3 g6 25. axb4 Bxb4 26. h5 Rd8 27. hxg6 Kg7 28. Bc2 Rf6 29. Nf7 Bxf7 30. gxf7 Qxf4+ 31. Qxf4 Rxf4 32. d5 cxd5 33. cxd5 Rxf7 34. Rdg1+ Kf8 35. Rf1 Rd6 36. Rxf7+ Kxf7 37. Be4 Bc5 38. Kc2 Rf6 39. Kb3 Ke7 40. Kc4 Bb6 41. Rh2 Kd6 42. b4 Ke5 43. Kd3 Kd6 44. Rh5 Kc7 45. Bf5 Kd6 46. Ke4 Bf2 47. Rh1 Ke7 48. Rf1 Bg3 49. Rc1 Rb6 50. Rb1 a6 51. Kd4 Bd6 52. Kc4 Kf6 53. Be6 h5 54. Rb3 Kg5 55. Bd7 Rb8 56. b5 axb5+ 57. Rxb5 Rxb5 1/2-1/2

[Event "HUN-chT4 1718"]
[Site "Hungary"]
[Date "2017.10.28"]
[Round "2.2"]
[White "Balogh, Akos"]
[Black "Balogh, Szabolcs"]
[Result "1-0"]
[WhiteElo "1680"]
[BlackElo "1825"]
[PlyCount "89"]
[EventDate "2017.10.28"]
[EventType "team-tourn"]
[EventRounds "9"]
[EventCountry "HUN"]
[SourceTitle "EXT 2020"]
[Source "ChessBase"]
[SourceDate "2019.10.17"]
[SourceVersion "1"]
[SourceVersionDate "2019.10.17"]
[SourceQuality "1"]

1. d4 c5 2. d5 Nf6 3. c4 e6 4. Nc3 exd5 5. cxd5 d6 6. Nf3 g6 7. Bg5 Bg7 8. e3 0-0 9. Bd3 a6 10. 0-0 Qc7 11. a4 b6 12. h3 Bb7 13. e4 Nbd7 14. Qd2 Rfe8 15. Bc2 Rab8 16. Nh2 c4 17. f4 Qc5+ 18. Kh1 Nh5 19. Rf3 b5 20. axb5 axb5 21. g4 Nhf6 22. Bxf6 Nxf6 23. g5 Nh5 24. Raf1 b4 25. Nd1 f5 26. gxf6 Nxf6 27. Nf2 Nxd5 28. exd5 Bxd5 29. Bd1 Bxb2 30. Qxb2 c3 31. Qc1 b3 32. Bxb3 Rxb3 33. Nhg4 Bxf3+ 34. Kh2 Bxg4 35. Nxg4 Re2+ 36. Kg3 Rbb2 37. f5 Rbd2 38. Qb1 Qc7 39. fxg6 Rg2+ 40. Kh4 Rd4 41. Qf5 Qe7+ 42. Kh5 hxg6+ 43. Qxg6+ Kh8 44. Qh6+ Kg8 45. Nf6+ 1-0

[Event "HUN-chT2 Breyer 1516"]
[Site "Hungary"]
[Date "2016.03.20"]
[Round "9.10"]
[White "Balogh, Szabolcs"]
[Black "Grinacz, Aba Samuel"]
[Result "1-0"]
[WhiteElo "1761"]
[BlackElo "1462"]
[PlyCount "99"]
[EventDate "2015.09.13"]
[EventType "team-tourn"]
[EventRounds "11"]
[EventCountry "HUN"]
[SourceTitle "EXT 2017"]
[Source "ChessBase"]
[SourceDate "2016.10.25"]
[SourceVersion "1"]
[SourceVersionDate "2016.10.25"]
[SourceQuality "1"]
[WhiteTeam "Gyor UDSE"]
[BlackTeam "Nyergesujfalu"]
[WhiteTeamCountry "HUN"]
[BlackTeamCountry "HUN"]

1. e4 e5 2. d4 exd4 3. Nf3 Nc6 4. Nxd4 Nxd4 5. Qxd4 d6 6. Nc3 Nf6 7. f3 a6 8. a4 c5 9. Qd3 Be6 10. Nd5 Bxd5 11. exd5 Qb6 12. a5 Qc7 13. Be2 Be7 14. 0-0 b5 15. axb6 Qxb6 16. Rxa6 Rxa6 17. Qxa6 Qxa6 18. Bxa6 Nxd5 19. Bb5+ Kd8 20. Bd2 Nc7 21. Ra1 Kc8 22. Bc6 Kb8 23. Re1 Bf6 24. b4 Bd4+ 25. Kf1 cxb4 26. Bxb4 Be5 27. g3 g5 28. Rd1 Rd8 29. Ba5 Rf8 30. Rb1+ Kc8 31. Rb7 d5 32. Bb4 Rg8 33. c3 Rg6 34. Rb6 Rh6 35. Bb7+ Kb8 36. Rxh6 Kxb7 37. Rxh7 f6 38. Ba5 Kc6 39. Bxc7 Bxc7 40. Rxc7+ Kxc7 41. h4 gxh4 42. gxh4 Kd6 43. Ke2 Ke6 44. Ke3 Ke5 45. h5 Kf5 46. Kd4 Kg5 47. Kxd5 Kxh5 48. c4 Kg5 49. Ke4 f5+ 50. Ke5 1-0

[Event "HUN-chT4a 1415"]
[Site "Hungary"]
[Date "2015.04.12"]
[Round "7.3"]
[White "Balogh, Szabolcs"]
[Black "Hecz, Lajos"]
[Result "1-0"]
[WhiteElo "1742"]
[BlackElo "1503"]
[PlyCount "63"]
[EventDate "2014.10.19"]
[EventType "team-tourn"]
[EventRounds "7"]
[EventCountry "HUN"]
[SourceTitle "EXT 2016"]
[Source "ChessBase"]
[SourceDate "2015.10.08"]
[SourceVersion "1"]
[SourceVersionDate "2015.10.08"]
[SourceQuality "1"]

1. e4 e5 2. d4 exd4 3. Nf3 c5 4. Bc4 h6 5. 0-0 d6 6. c3 dxc3 7. Nxc3 Bg4 8. e5 Nc6 9. h3 Bxf3 10. Qxf3 Nxe5 11. Re1 Qe7 12. Bb5+ Kd8 13. Qd1 a6 14. Bf1 Nf6 15. f4 Nfd7 16. fxe5 Nxe5 17. Be3 Qh4 18. Bxc5 Kd7 19. Rxe5 f6 20. Re4 Qg3 21. Qd5 Kc7 22. Qf7+ Kc6 23. Bf2 Qg5 24. Be3 Qf5 25. Rc4+ Qc5 26. Rxc5+ dxc5 27. Bc4 Rd8 28. Bd5+ Rxd5 29. Qxd5+ Kc7 30. Rd1 Kb6 31. Qd8+ Ka7 32. Rd7 1-0

[Event "HUN-chT2 Breyer 1415"]
[Site "Hungary"]
[Date "2015.01.25"]
[Round "7.12"]
[White "Lakatos, Tamas"]
[Black "Balogh, Szabolcs"]
[Result "1/2-1/2"]
[WhiteElo "1615"]
[BlackElo "1723"]
[PlyCount "64"]
[EventDate "2014.09.07"]
[EventType "team-tourn"]
[EventRounds "11"]
[EventCountry "HUN"]
[SourceTitle "EXT 2016"]
[Source "ChessBase"]
[SourceDate "2015.10.08"]
[SourceVersion "1"]
[SourceVersionDate "2015.10.08"]
[SourceQuality "1"]
[WhiteTeam "Sarkany DSE"]
[BlackTeam "Gyor UDSE"]
[WhiteTeamCountry "HUN"]
[BlackTeamCountry "HUN"]

1. e4 d5 2. exd5 Nf6 3. d4 Nxd5 4. Be2 g6 5. Nf3 Bg7 6. c3 0-0 7. 0-0 b6 8. Nbd2 Bb7 9. Re1 Nd7 10. Ne4 N7f6 11. Nxf6+ Nxf6 12. Bd3 Rc8 13. Qe2 e6 14. Bg5 Qd6 15. h3 c5 16. dxc5 Qxc5 17. Be3 Qc7 18. Bd4 Rfd8 19. Rad1 Nd5 20. Bxg7 Kxg7 21. Be4 Qc5 22. Qc2 Qe7 23. Qb3 Nf4 24. Bxb7 Qxb7 25. c4 Qc6 26. Rxd8 Rxd8 27. Qc3+ Kg8 28. Qf6 Qc7 29. Ne5 Nh5 30. Qf3 Ng7 31. Qf6 Nh5 32. Qf3 Ng7 1/2-1/2

[Event "HUN-chT2 Breyer 1415"]
[Site "Hungary"]
[Date "2014.10.12"]
[Round "?"]
[White "Balogh, Szabolcs"]
[Black "Horvath, Ilona Klara"]
[Result "1-0"]
[WhiteElo "1723"]
[BlackElo "1910"]
[PlyCount "33"]
[EventDate "2014.09.07"]
[EventType "team-tourn"]
[EventRounds "11"]
[EventCountry "HUN"]
[SourceTitle "EXT 2016"]
[Source "ChessBase"]
[SourceDate "2015.10.08"]
[SourceVersion "1"]
[SourceVersionDate "2015.10.08"]
[SourceQuality "1"]
[WhiteTeam "Gyor UDSE"]
[BlackTeam "MAFC"]
[WhiteTeamCountry "HUN"]
[BlackTeamCountry "HUN"]

1. e4 c6 2. d4 d5 3. f3 dxe4 4. fxe4 e5 5. Nf3 Nf6 6. Bc4 Bg4 7. Bxf7+ Ke7 8. 0-0 Bxf3 9. Qxf3 Qxd4+ 10. Kh1 Kxf7 11. Qb3+ Ke8 12. Qxb7 Nxe4 13. Qf7+ Kd8 14. Nc3 Be7 15. Rd1 Qxd1+ 16. Nxd1 Rf8 17. Qc4 1-0

[Event "Debrecen Aranybika op 5th"]
[Site "Debrecen"]
[Date "2002.12.28"]
[Round "4.10"]
[White "Toth, Gyula"]
[Black "Balogh, Szabolcs"]
[Result "1-0"]
[WhiteElo "1637"]
[BlackElo "1403"]
[PlyCount "51"]
[EventDate "2002.12.30"]
[EventType "swiss"]
[EventRounds "10"]
[EventCountry "HUN"]
[SourceTitle "CBM 092 Extra"]
[Source "ChessBase"]
[SourceDate "2003.03.07"]
[SourceVersion "1"]
[SourceVersionDate "2003.03.07"]
[SourceQuality "1"]

1. e4 c5 2. Nf3 e6 3. d4 cxd4 4. Nxd4 Nc6 5. Nc3 Nf6 6. Bb5 Be7 7. 0-0 0-0 8. Bxc6 bxc6 9. e5 Nd5 10. Nxd5 exd5 11. Kh1 Bc5 12. c3 Rb8 13. b3 Qc7 14. Re1 Re8 15. f4 a5 16. Be3 d6 17. Nf3 Bg4 18. Bd4 Bxd4 19. cxd4 dxe5 20. fxe5 Qa7 21. Rc1 Re6 22. Qd2 Rh6 23. Qf4 Bxf3 24. gxf3 Re8 25. Rg1 a4 26. Qxh6 1-0

[Event "Debrecen Aranybika op 5th"]
[Site "Debrecen"]
[Date "2002.12.27"]
[Round "2.4"]
[White "Balogh, Szabolcs"]
[Black "Leviczki, Tibor"]
[Result "0-1"]
[WhiteElo "1403"]
[BlackElo "2210"]
[PlyCount "46"]
[EventDate "2002.12.30"]
[EventType "swiss"]
[EventRounds "10"]
[EventCountry "HUN"]
[SourceTitle "CBM 092 Extra"]
[Source "ChessBase"]
[SourceDate "2003.03.07"]
[SourceVersion "1"]
[SourceVersionDate "2003.03.07"]
[SourceQuality "1"]

1. d4 Nf6 2. c4 g6 3. Nc3 d5 4. cxd5 Nxd5 5. e4 Nxc3 6. bxc3 Bg7 7. Bb5+ c6 8. Ba4 Nd7 9. Qf3 c5 10. d5 Qa5 11. Bxd7+ Bxd7 12. Bd2 Qa6 13. Bf4 0-0 14. Qe3 Qc4 15. Rc1 f5 16. f3 fxe4 17. fxe4 Rxf4 18. Qxf4 Bxc3+ 19. Rxc3 Qxc3+ 20. Qd2 Qa1+ 21. Ke2 Rf8 22. Qa5 Bg4+ 23. Ke3 Qd4# 0-1